000 00415nam a2200169Ia 4500
001 19375
003 IN-NITTTR
005 20251114233223.0
008 251113s9999||||xx |||||||||||||| ||eng||
040 _beng
040 _cIN-NITTTR
041 _aeng
082 _a621.3819582 O5D
100 _aO'Connor, Patrick J.
245 0 _aDigital and microprocessor technology /
_cO'Connor, Patrick J.
942 _2ddc
_cBK
999 _c22009
_d22009